Betty Crocker one-dish meals : casseroles, skillet meals, stir-fries, and more for easy, everyday dinners (Record no. 114532)

MARC details
000 -LEADER
fixed length control field 00655nam a2200217Ia 4500
008 - FIXED-LENGTH DATA ELEMENTS--GENERAL INFORMATION
fixed length control field 191130s2005##################000#0#eng##
020 ## - INTERNATIONAL STANDARD BOOK NUMBER
ISBN 9780764544194
082 ## - DEWEY DECIMAL CLASSIFICATION NUMBER
Classification number 641.82 CRO
100 ## - MAIN ENTRY--AUTHOR NAME
Personal name Crocker, Betty
245 ## - TITLE STATEMENT
Title Betty Crocker one-dish meals : casseroles, skillet meals, stir-fries, and more for easy, everyday dinners
Statement of responsibility, etc Betty Crocker
260 ## - PUBLICATION, DISTRIBUTION, ETC. (IMPRINT)
Place of publication Hoboken, NJ
Name of publisher Wiley Pub
Year of publication c2005
300 ## - PHYSICAL DESCRIPTION
Number of Pages 335 p. ; 26 cm
500 ## - GENERAL NOTE
General note Includes index
650 ## - SUBJECT ADDED ENTRY--TOPICAL TERM
Topical Term Casserole cooking
Topical Term One-dish meals
991 ## -
-- 330574
Holdings
Withdrawn status Lost status Damaged status Not for loan Home library Current library Shelving location Date acquired Full call number Accession Number Price effective from Koha item type
        Anna Centenary Library Anna Centenary Library 6TH FLOOR, A WING 12.10.2020 641.82 CRO 127174 12.10.2020 English Books

Find us on the map